|
|
|
|
| LEADER |
00000cas a2200000 a 4500 |
| 001 |
3292 |
| 003 |
Ucuenca |
| 005 |
20230308221650.0 |
| 008 |
000000| ||||||||r|||||||||||spa|| |
| 040 |
|
|
|b spa
|
| 041 |
1 |
|
|a spa
|
| 082 |
0 |
|
|a 805
|b S819c
|
| 110 |
1 |
|
|a Sociedad Estudiosa del Azuay
|9 186177
|
| 245 |
|
|
|a El crepúsculo
|h imp
|
| 264 |
|
|
|a Cuenca
|b s. e.
|c Marzo 18 de 1884
|
| 300 |
|
|
|a 79 páginas:
|c 23 cm
|
| 362 |
|
|
|a Año 1 no. 1 (marzo 18 de 1884)
|
| 500 |
|
|
|a Periódico
|
| 504 |
|
|
|a incl. ref.
|
| 650 |
1 |
|
|a Crepusculo
|9 110993
|
| 852 |
|
|
|a UC-CDJBV
|f Donación
|l 1
|m Limitada
|p 00000000
|q 6,00
|t 3292
|b 1
|d CDRC
|e CDRC
|g E868 S819c ESTANTERIA CERRADA
|u http://nas.ucuenca.edu.ec/BibliotecaDigital/ebooks/librosyrev/3292.pdf
|z 0000-00-00
|
| 856 |
|
|
|u http://nas.ucuenca.edu.ec/BibliotecaDigital/ebooks/librosyrev/3292.pdf
|
| 942 |
|
|
|c SER
|
| 999 |
|
|
|c 137775
|d 137775
|